Normal view
MARC view
Entry Topical Term
001 - CONTROL NUMBER
- control field: 127787
003 - CONTROL NUMBER IDENTIFIER
- control field: OSt
005 - DATE AND TIME OF LATEST TRANSACTION
- control field: 20230719152621.0
008 - FIXED-LENGTH DATA ELEMENTS
- fixed length control field: 230719|| aca||aabn | a|a d
040 ## - CATALOGING SOURCE
- Original cataloging agency: OSt
- Transcribing agency: OSt
150 ## - HEADING--TOPICAL TERM
- Topical term or geographic name entry element: learning to create destiny
670 ## - SOURCE DATA FOUND
- Source citation: Work cat.: (OSt): Chin Kung 127785, Changing destiny : a commentary on Liaofans four lessons